000 01282cam a22001814a 4500
005 20250605164355.0
008 250528s ||||||||||||||||||||||||d
035 _a24268
040 _aGR-AtMCL
_bgre
_dGR-AtMCL
_eAACR2
245 1 _aΧρήμα / Ψηφιακές Δεξιότητες: Το Στοίχημα της Κατάρτισης και η Ανάγκη Τολμηρών Παρεμβάσεων
260 _bEthos Media,
_c2021
300 _a80
520 _aΑπολογισμός Cyber Insurance & Incident Response Conference: Βασικό Μέρος της Λύσης για την Αντιμετώπιση των Κυβερνοαπειλών, Ψηφιακές Δεξιότητες και Πιστοποίηση: Το Στοίχημα της Κατάρτισης και η Ανάγκη Τολμηρών Παρεμβάσεων, Απολογισμός Hellenic Innovation Forum: Η Μεγάλη Συνάντηση της Καινοτομίας, Εν Αρχή: Μεταβατική Χρονιά Ενός Επίπονου Δρόμου, Ανάλυση VRS: Verizon Communications, Δια Ταύτα: Τα Funds 'Διψούν' για ESG Επενδύσεις.
700 1 _aΟυζούνη Κωνσταντίνος
_99441
942 _cCR
999 _c9158
_d9158